[Event "Titled Tuesday intern op 28th Dec"]
[Site "Chess.com INT"]
[Date "2021.12.28"]
[Round "8"]
[White "Isanzhulov, Arystan"]
[Black "Guseinov, Gadir"]
[Result "0-1"]
[WhiteElo "2338"]
[BlackElo "2661"]
[PlyCount "84"]
[EventDate "2021.12.28"]
[EventType "swiss (blitz)"]
[EventRounds "11"]
[EventCountry "USA"]
[SourceTitle "CBM 206 Extra"]
[Source "ChessBase"]
[SourceDate "2022.03.31"]
[SourceVersion "1"]
[SourceVersionDate "2022.03.31"]
[SourceQuality "1"]

1. e4 c5 2. d4 cxd4 3. c3 Nf6 4. e5 Nd5 5. Nf3 Nc6 6. Bc4 Nb6 7. Bb3 d5 8. exd6 Qxd6 9. O-O Be6 10. Na3 Bxb3 11. Qxb3 dxc3 12. Nb5 Qb8 13. g3 f6 14. Be3 cxb2 15. Rad1 Qc8 16. Rfe1 e5 17. Qxb2 Be7 18. Bxb6 axb6 19. Qb3 Na5 20. Qd5 Qc6 21. Qxc6+ bxc6 22. Nc7+ Kf7 23. Nxa8 Rxa8 24. Rd7 Ke8 25. Red1 Rd8 26. Rxd8+ Bxd8 27. h4 h5 28. Nh2 b5 29. Nf1 Bb6 30. Rb1 Nc4 31. a4 Nd6 32. axb5 Nxb5 33. Kg2 Kd7 34. Nd2 Bd4 35. Rb4 f5 36. Ra4 Ke6 37. Nb3 Kd5 38. Ra8 c5 39. Na5 e4 40. Rd8+ Ke6 41. Nc4 Bf6 42. f3 Bxd8 0-1

[Event "Titled Tuesday intern op 28th Dec"]
[Site "Chess.com INT"]
[Date "2021.12.28"]
[Round "8"]
[White "Ismayil, Malak"]
[Black "Zhang, Alan"]
[Result "1-0"]
[WhiteElo "2058"]
[BlackElo "2077"]
[PlyCount "45"]
[EventDate "2021.12.28"]
[EventType "swiss (blitz)"]
[EventRounds "11"]
[EventCountry "USA"]
[SourceTitle "CBM 206 Extra"]
[Source "ChessBase"]
[SourceDate "2022.03.31"]
[SourceVersion "1"]
[SourceVersionDate "2022.03.31"]
[SourceQuality "1"]

1. e4 e5 2. Nf3 Nc6 3. Bc4 Bc5 4. c3 Nf6 5. d4 exd4 6. e5 d5 7. Bb5 Ne4 8. cxd4 Bb6 9. Nc3 O-O 10. O-O Bg4 11. Be3 Bxf3 12. gxf3 Ng5 13. f4 Ne6 14. Bxc6 bxc6 15. f5 Ng5 16. Qg4 f6 17. exf6 gxf6 18. h4 Kh8 19. hxg5 fxg5 20. Ne2 Qf6 21. Ng3 h6 22. a4 Rae8 23. a5 1-0

[Event "Titled Tuesday intern op 28th Dec"]
[Site "Chess.com INT"]
[Date "2021.12.28"]
[Round "8"]
[White "Ivanisevic, Ivan"]
[Black "Yuan, Qingyu"]
[Result "0-1"]
[WhiteElo "2599"]
[BlackElo "2373"]
[PlyCount "174"]
[EventDate "2021.12.28"]
[EventType "swiss (blitz)"]
[EventRounds "11"]
[EventCountry "USA"]
[SourceTitle "CBM 206 Extra"]
[Source "ChessBase"]
[SourceDate "2022.03.31"]
[SourceVersion "1"]
[SourceVersionDate "2022.03.31"]
[SourceQuality "1"]

1. d4 d5 2. c4 e6 3. Nc3 Nf6 4. Nf3 a6 5. e3 dxc4 6. Bxc4 b5 7. Bb3 Bb7 8. O-O c5 9. e4 cxd4 10. Nxd4 Nc6 11. Be3 Be7 12. Nxc6 Bxc6 13. e5 Qxd1 14. Rfxd1 Ng4 15. Bd4 h5 16. Rac1 Bg5 17. Rc2 Rd8 18. Ne2 Be4 19. Rc7 O-O 20. f4 Bh4 21. h3 Nh6 22. Bc5 Rxd1+ 23. Bxd1 Rd8 24. Bb3 Rd2 25. Nc3 Bxg2 26. Be3 Rxb2 27. Nd1 Rxb3 28. axb3 Bd5 29. b4 Nf5 30. Bf2 Be7 31. Bc5 Bh4 32. Nf2 Bg3 33. Nd3 Be4 34. Nf2 Bd5 35. Nd3 Bc4 36. Nb2 Be2 37. Bf2 Bxf4 38. Rc2 Bf3 39. Nd3 Bg5 40. Rc8+ Kh7 41. Kh2 Bd5 42. Rc7 Bc4 43. Nc5 Kg6 44. Kg1 Bf4 45. Nd7 Bd5 46. Nf8+ Kh6 47. Rxf7 Bxe5 48. Nd7 Bd6 49. Nb6 Bc6 50. Ra7 Bf4 51. Bc5 Ne3 52. Rxa6 Be4 53. Nc8 Bf5 54. Ne7 Bxh3 55. Kf2 Ng4+ 56. Kf3 Bg5 57. Rxe6+ Nf6 58. Re5 Bg4+ 59. Kg2 Bf4 60. Nf5+ Kg6 61. Ne7+ Kf7 62. Re1 h4 63. Nc6 h3+ 64. Kf2 h2 65. Be3 Bd6 66. Nd4 Bc8 67. Kg2 Bb7+ 68. Kh3 h1=Q+ 69. Rxh1 Bxh1 70. Nxb5 Bxb4 71. Nd4 Be4 72. Ne2 Be7 73. Ng3 Bg6 74. Bg5 Nd5 75. Bd2 Bf6 76. Kg2 Bh7 77. Kf3 Ke6 78. Ne2 Bf5 79. Ng3 Bg6 80. Be1 Ne7 81. Ba5 Be5 82. Nf1 Nf5 83. Nd2 Nd4+ 84. Ke3 Bf6 85. Nc4 Kd5 86. Nb6+ Kc6 87. Nc4 Kb5 0-1

[Event "Titled Tuesday intern op 28th Dec"]
[Site "Chess.com INT"]
[Date "2021.12.28"]
[Round "8"]
[White "Kabanova, Ekaterina"]
[Black "Magallanes, Rey Jomar"]
[Result "0-1"]
[WhiteElo "2138"]
[BlackElo "2044"]
[PlyCount "80"]
[EventDate "2021.12.28"]
[EventType "swiss (blitz)"]
[EventRounds "11"]
[EventCountry "USA"]
[SourceTitle "CBM 206 Extra"]
[Source "ChessBase"]
[SourceDate "2022.03.31"]
[SourceVersion "1"]
[SourceVersionDate "2022.03.31"]
[SourceQuality "1"]

1. c4 g6 2. e3 Bg7 3. a3 d6 4. Qc2 e5 5. d3 f5 6. Nd2 Nf6 7. Be2 O-O 8. Ngf3 c5 9. h4 Nc6 10. Rb1 f4 11. Ne4 Ng4 12. h5 fxe3 13. fxe3 Bf5 14. hxg6 hxg6 15. Nfg5 Bf6 16. Nh7 Bxe4 17. Bxg4 Bh4+ 18. Kd1 Rf2 19. Qb3 Na5 20. Be6+ Kg7 21. Qa4 Bc6 22. Qxa5 Qxa5 23. Rxh4 Bxg2 24. Ng5 Rh8 25. Rxh8 Kxh8 26. e4 Qa4+ 27. b3 Qa5 28. Rb2 Rf1+ 29. Kc2 Qe1 30. Bd2 Qd1+ 31. Kc3 Rf2 32. b4 Rxd2 33. Rxd2 Qc1+ 34. Rc2 Qxg5 35. bxc5 dxc5 36. Bd5 b6 37. a4 Bf3 38. a5 Bd1 39. Rd2 Qg1 40. axb6 Qd4# 0-1

[Event "Titled Tuesday intern op 28th Dec"]
[Site "Chess.com INT"]
[Date "2021.12.28"]
[Round "8"]
[White "Kamsky, Gata"]
[Black "Arabidze, Meri"]
[Result "1-0"]
[WhiteElo "2657"]
[BlackElo "2413"]
[PlyCount "119"]
[EventDate "2021.12.28"]
[EventType "swiss (blitz)"]
[EventRounds "11"]
[EventCountry "USA"]
[SourceTitle "CBM 206 Extra"]
[Source "ChessBase"]
[SourceDate "2022.03.31"]
[SourceVersion "1"]
[SourceVersionDate "2022.03.31"]
[SourceQuality "1"]

1. e4 c5 2. Nf3 e6 3. Nc3 a6 4. g3 Nc6 5. Bg2 d6 6. O-O Nf6 7. d4 cxd4 8. Nxd4 Bd7 9. a4 Be7 10. Nxc6 Bxc6 11. a5 O-O 12. Be3 Nd7 13. Bd4 Ne5 14. Qe2 Rc8 15. Rfd1 Qc7 16. h4 Bf6 17. Ra3 Qb8 18. b3 h6 19. Na4 Bxa4 20. Rxa4 Nd7 21. Be3 Rc3 22. Ra2 Rfc8 23. Rc1 Qc7 24. Bd2 Rc6 25. c4 Bd4 26. Kh2 e5 27. Bh3 Rf8 28. b4 Qd8 29. Rac2 Rc7 30. Be3 Qf6 31. Bxd4 exd4 32. Bxd7 Rxd7 33. Qd3 Re7 34. Rd1 Rfe8 35. f3 Re6 36. Kg2 g5 37. hxg5 Qxg5 38. Qxd4 Rg6 39. Qf2 Kh7 40. Rcd2 Reg8 41. g4 h5 42. Rd5 Qh6 43. Rh1 Rg5 44. Rxg5 Rxg5 45. Qh4 Kg7 46. f4 Rxg4+ 47. Qxg4+ hxg4 48. Rxh6 Kxh6 49. Kg3 Kh5 50. b5 f6 51. b6 Kg6 52. Kxg4 f5+ 53. Kf3 Kf6 54. Ke3 Ke6 55. Kd4 Kf6 56. Kd5 fxe4 57. Kxe4 Ke6 58. f5+ Kf6 59. Kd5 Ke7 60. f6+ 1-0

[Event "Titled Tuesday intern op 28th Dec"]
[Site "Chess.com INT"]
[Date "2021.12.28"]
[Round "8"]
[White "Khabinets, Ivan"]
[Black "Kadam, Om Manish"]
[Result "1-0"]
[WhiteElo "1980"]
[BlackElo "2114"]
[PlyCount "149"]
[EventDate "2021.12.28"]
[EventType "swiss (blitz)"]
[EventRounds "11"]
[EventCountry "USA"]
[SourceTitle "CBM 206 Extra"]
[Source "ChessBase"]
[SourceDate "2022.03.31"]
[SourceVersion "1"]
[SourceVersionDate "2022.03.31"]
[SourceQuality "1"]

1. e4 c6 2. d4 d5 3. e5 c5 4. dxc5 e6 5. a3 Bxc5 6. Nf3 Ne7 7. b4 Bb6 8. Bd3 Nbc6 9. Bb2 Ng6 10. O-O Nf4 11. c4 Nxd3 12. Qxd3 Ne7 13. Nc3 dxc4 14. Qxc4 Bd7 15. b5 Rc8 16. Qg4 O-O 17. Rfd1 Qe8 18. Ne4 Ng6 19. Nd6 Qe7 20. Nxc8 Rxc8 21. a4 Rc2 22. Bd4 Rc4 23. Qe4 Nf8 24. Qe3 Bxd4 25. Rxd4 Rc2 26. Rad1 Be8 27. Rd6 a6 28. bxa6 bxa6 29. Rxa6 Qb4 30. Qd4 Qb3 31. a5 Bc6 32. Ne1 Rc4 33. Qd3 Qb5 34. Rb6 Qxa5 35. Rb8 Bd5 36. Nc2 Rc3 37. Qd2 Qc7 38. Rb2 Qxe5 39. Ne3 Rc5 40. Qd4 Qxd4 41. Rxd4 Rc1+ 42. Rd1 Rxd1+ 43. Nxd1 Nd7 44. f3 f6 45. Kf2 f5 46. Nc3 Nf6 47. Ke3 Kf7 48. Kd4 g5 49. Nxd5 Nxd5 50. Ke5 Nf4 51. Rb7+ Kg6 52. g3 Nd3+ 53. Kd6 e5 54. Re7 Kf6 55. Rxh7 e4 56. fxe4 fxe4 57. Re7 Nf2 58. h4 gxh4 59. gxh4 Kg6 60. Ke5 Kh5 61. Rh7+ Kg4 62. Kd4 Kf3 63. Rf7+ Ke2 64. Rxf2+ Kxf2 65. Kxe4 Kg3 66. h5 Kg4 67. h6 Kg5 68. h7 Kg6 69. h8=Q Kf7 70. Qh6 Kg8 71. Qb6 Kf7 72. Kf5 Kg8 73. Qc7 Kf8 74. Kf6 Ke8 75. Qe7# 1-0

[Event "Titled Tuesday intern op 28th Dec"]
[Site "Chess.com INT"]
[Date "2021.12.28"]
[Round "8"]
[White "Khamdamova, Afruza"]
[Black "Nasyrova, Ekaterina"]
[Result "0-1"]
[WhiteElo "1771"]
[BlackElo "2109"]
[PlyCount "98"]
[EventDate "2021.12.28"]
[EventType "swiss (blitz)"]
[EventRounds "11"]
[EventCountry "USA"]
[SourceTitle "CBM 206 Extra"]
[Source "ChessBase"]
[SourceDate "2022.03.31"]
[SourceVersion "1"]
[SourceVersionDate "2022.03.31"]
[SourceQuality "1"]

1. e4 e5 2. Nf3 Nc6 3. Bb5 Nf6 4. O-O Nxe4 5. d4 Nd6 6. dxe5 Nxb5 7. a4 d6 8. axb5 Nxe5 9. Re1 Be7 10. Nxe5 dxe5 11. Qxd8+ Kxd8 12. Rxe5 Bd6 13. Re1 Bf5 14. c3 Kc8 15. Be3 b6 16. Nd2 Kb7 17. c4 Rad8 18. Nf3 Bb4 19. Rec1 Be4 20. Nd4 Bc5 21. Nc6 Bxc6 22. bxc6+ Kxc6 23. Bxc5 Kxc5 24. Rxa7 Kc6 25. b4 Rd4 26. b5+ Kd6 27. Kf1 Rd8 28. Ke2 Rd7 29. Ra6 Kc5 30. Ra4 Re7+ 31. Kf1 h5 32. g3 g5 33. Kg2 f5 34. h3 f4 35. Rc2 Ree4 36. g4 hxg4 37. hxg4 Rxc4 38. Rcxc4+ Rxc4 39. Ra8 Kxb5 40. Rg8 Rc5 41. Kf3 Kc4 42. Ke4 b5 43. Rf8 b4 44. Rb8 b3 45. Rb7 Rb5 46. Rxc7+ Kb4 47. Rc1 b2 48. Rb1 Kc3 49. f3 Kc2 0-1

[Event "Titled Tuesday intern op 28th Dec"]
[Site "Chess.com INT"]
[Date "2021.12.28"]
[Round "8"]
[White "Khripachenko, Alexander"]
[Black "Degtiarev, Evgeny"]
[Result "1-0"]
[WhiteElo "2288"]
[BlackElo "2380"]
[PlyCount "87"]
[EventDate "2021.12.28"]
[EventType "swiss (blitz)"]
[EventRounds "11"]
[EventCountry "USA"]
[SourceTitle "CBM 206 Extra"]
[Source "ChessBase"]
[SourceDate "2022.03.31"]
[SourceVersion "1"]
[SourceVersionDate "2022.03.31"]
[SourceQuality "1"]

1. e4 e5 2. Nf3 Nc6 3. Bb5 a6 4. Ba4 Nf6 5. O-O Be7 6. Re1 b5 7. Bb3 d6 8. a4 b4 9. h3 O-O 10. c3 Rb8 11. d4 bxc3 12. bxc3 Na5 13. Ba2 exd4 14. cxd4 Be6 15. d5 Bd7 16. Nc3 Ne8 17. Be3 Bf6 18. Nd4 g6 19. Qd2 Ng7 20. Rab1 Qe7 21. Nce2 Nb7 22. Nc6 Bxc6 23. dxc6 Nc5 24. Bxc5 dxc5 25. Nf4 Rxb1 26. Bxb1 Bd4 27. Nd5 Qd6 28. Ba2 Re8 29. Qg5 Ne6 30. Nf6+ Bxf6 31. Qxf6 Qxc6 32. Rd1 Qxe4 33. Rd7 Qf5 34. Rxf7 Qxf6 35. Rxf6 Kg7 36. Rxe6 Rd8 37. Re7+ Kf6 38. Rxc7 Rd1+ 39. Kh2 Rd2 40. Bc4 Rxf2 41. Rxc5 Rf4 42. a5 Rd4 43. Bxa6 g5 44. Bb7 1-0

[Event "Titled Tuesday intern op 28th Dec"]
[Site "Chess.com INT"]
[Date "2021.12.28"]
[Round "8"]
[White "Kollars, Dmitrij"]
[Black "Makarian, Rudik"]
[Result "1-0"]
[WhiteElo "2622"]
[BlackElo "2509"]
[PlyCount "77"]
[EventDate "2021.12.28"]
[EventType "swiss (blitz)"]
[EventRounds "11"]
[EventCountry "USA"]
[SourceTitle "CBM 206 Extra"]
[Source "ChessBase"]
[SourceDate "2022.03.31"]
[SourceVersion "1"]
[SourceVersionDate "2022.03.31"]
[SourceQuality "1"]

1. e4 c5 2. Nf3 e6 3. c3 d5 4. exd5 Qxd5 5. d4 Nf6 6. Na3 a6 7. Nc4 Nbd7 8. Be2 Be7 9. O-O O-O 10. a4 Rd8 11. a5 Qc6 12. Bf4 Nd5 13. Bg3 b5 14. axb6 N7xb6 15. Nce5 Qe8 16. Qb3 Bb7 17. Rfd1 cxd4 18. Rxd4 Bc5 19. Rdd1 Nf6 20. Nd3 Bd5 21. Qc2 Ne4 22. Nxc5 Nxc5 23. Bc7 Bb3 24. Rxd8 Rxd8 25. Qc1 Nd3 26. Bxd3 Rxd3 27. Bxb6 Qb5 28. Be3 Rd1+ 29. Qxd1 Bxd1 30. Rxd1 h6 31. b4 Qe2 32. Rc1 Qc4 33. Nd2 Qd3 34. c4 Qa3 35. Rb1 f5 36. b5 axb5 37. cxb5 Qd6 38. b6 f4 39. b7 1-0

[Event "Titled Tuesday intern op 28th Dec"]
[Site "Chess.com INT"]
[Date "2021.12.28"]
[Round "8"]
[White "Lakshmi, Chidambaram"]
[Black "Chernyavsky, Alexander"]
[Result "0-1"]
[WhiteElo "2058"]
[BlackElo "2327"]
[PlyCount "40"]
[EventDate "2021.12.28"]
[EventType "swiss (blitz)"]
[EventRounds "11"]
[EventCountry "USA"]
[SourceTitle "CBM 206 Extra"]
[Source "ChessBase"]
[SourceDate "2022.03.31"]
[SourceVersion "1"]
[SourceVersionDate "2022.03.31"]
[SourceQuality "1"]

1. d4 Nf6 2. c4 g6 3. Nf3 Bg7 4. g3 O-O 5. Bg2 d6 6. Nc3 Nc6 7. O-O a6 8. e4 e5 9. d5 Na5 10. Nd2 c5 11. f4 exf4 12. gxf4 Ng4 13. Qe2 Bd4+ 14. Kh1 Qh4 15. Nf3 Qh5 16. Nd1 Nxh2 17. Nxd4 Nf3+ 18. Bh3 Qxh3+ 19. Qh2 Qxf1+ 20. Qg1 Qxg1# 0-1

[Event "Titled Tuesday intern op 28th Dec"]
[Site "Chess.com INT"]
[Date "2021.12.28"]
[Round "8"]
[White "Liu, Leonardo"]
[Black "Golizadeh, Asghar"]
[Result "1-0"]
[WhiteElo "1767"]
[BlackElo "2455"]
[PlyCount "63"]
[EventDate "2021.12.28"]
[EventType "swiss (blitz)"]
[EventRounds "11"]
[EventCountry "USA"]
[SourceTitle "CBM 206 Extra"]
[Source "ChessBase"]
[SourceDate "2022.03.31"]
[SourceVersion "1"]
[SourceVersionDate "2022.03.31"]
[SourceQuality "1"]

1. e4 c5 2. Nc3 d6 3. g3 g6 4. Bg2 Bg7 5. d3 Nc6 6. Be3 e6 7. Qd2 Rb8 8. Nge2 Nd4 9. Rb1 Ne7 10. b4 O-O 11. O-O e5 12. bxc5 dxc5 13. Nb5 Be6 14. Nbxd4 cxd4 15. Bh6 Qd7 16. Bxg7 Kxg7 17. c4 dxc3 18. Qxc3 f6 19. d4 Rfc8 20. Qb2 exd4 21. Nxd4 Bh3 22. Rfd1 Qg4 23. f3 Qh5 24. g4 Qh4 25. Ne6+ Kf7 26. Qb3 Bxg2 27. Ng5+ Kg7 28. Qf7+ Kh6 29. Ne6 Rg8 30. Kxg2 Nc6 31. Rd7 Rbf8 32. Qxh7# 1-0

[Event "Titled Tuesday intern op 28th Dec"]
[Site "Chess.com INT"]
[Date "2021.12.28"]
[Round "8"]
[White "Loy, Konstantin"]
[Black "Staudner, Oliver"]
[Result "0-1"]
[WhiteElo "2268"]
[BlackElo "2398"]
[PlyCount "80"]
[EventDate "2021.12.28"]
[EventType "swiss (blitz)"]
[EventRounds "11"]
[EventCountry "USA"]
[SourceTitle "CBM 206 Extra"]
[Source "ChessBase"]
[SourceDate "2022.03.31"]
[SourceVersion "1"]
[SourceVersionDate "2022.03.31"]
[SourceQuality "1"]

1. e4 e6 2. d3 d5 3. Nd2 Nc6 4. Ngf3 Nf6 5. c3 g6 6. e5 Nd7 7. d4 f6 8. exf6 Qxf6 9. Bd3 Bg7 10. O-O O-O 11. Qe2 e5 12. dxe5 Ncxe5 13. Re1 Nxd3 14. Qxd3 c6 15. Nf1 Nc5 16. Qd4 Ne4 17. Qxf6 Bxf6 18. Bh6 Re8 19. Ng3 Bg4 20. Nxe4 Rxe4 21. Rxe4 dxe4 22. Nd2 Bf5 23. Re1 Rd8 24. Be3 b6 25. h3 h5 26. Kf1 c5 27. Ke2 Kf7 28. Rd1 Re8 29. Nc4 Rd8 30. Rxd8 Bxd8 31. Nd6+ Ke6 32. Nxf5 gxf5 33. c4 Bf6 34. b3 Bd4 35. f3 Ke5 36. fxe4 Kxe4 37. Bg5 Be5 38. Bh4 Kd4 39. Kd2 Bf4+ 40. Kd1 Kd3 0-1

[Event "Titled Tuesday intern op 28th Dec"]
[Site "Chess.com INT"]
[Date "2021.12.28"]
[Round "8"]
[White "Mammadov, Zaur Fazahir Oglu"]
[Black "Gurevich, Dmitry"]
[Result "0-1"]
[WhiteElo "2417"]
[BlackElo "2358"]
[PlyCount "74"]
[EventDate "2021.12.28"]
[EventType "swiss (blitz)"]
[EventRounds "11"]
[EventCountry "USA"]
[SourceTitle "CBM 206 Extra"]
[Source "ChessBase"]
[SourceDate "2022.03.31"]
[SourceVersion "1"]
[SourceVersionDate "2022.03.31"]
[SourceQuality "1"]

1. e4 c5 2. c3 d5 3. exd5 Qxd5 4. d4 g6 5. Na3 Bg7 6. Be3 cxd4 7. Nb5 Na6 8. Bxd4 Nf6 9. Nf3 b6 10. Qb3 Qe4+ 11. Be3 O-O 12. Bc4 Nc5 13. Bxf7+ Rxf7 14. Qxf7+ Kxf7 15. Ng5+ Kg8 16. Nxe4 Nfxe4 17. O-O Nd6 18. Nxd6 exd6 19. Rfd1 Bf8 20. Bf4 Nb7 21. f3 Be6 22. b3 b5 23. Rac1 Rc8 24. Re1 Kf7 25. Red1 d5 26. Be3 a5 27. Bd4 Bf5 28. Re1 Bh6 29. Rcd1 Bc2 30. Ra1 Nd6 31. Re5 Nf5 32. Rxd5 Nxd4 33. cxd4 Be3+ 34. Kh1 b4 35. Re1 Bd2 36. Rf1 Bd3 37. Rd7+ Ke6 0-1

[Event "Titled Tuesday intern op 28th Dec"]
[Site "Chess.com INT"]
[Date "2021.12.28"]
[Round "8"]
[White "Manon Og, Ramon Jr"]
[Black "Wagner, Dennis"]
[Result "0-1"]
[WhiteElo "2064"]
[BlackElo "2584"]
[PlyCount "50"]
[EventDate "2021.12.28"]
[EventType "swiss (blitz)"]
[EventRounds "11"]
[EventCountry "USA"]
[SourceTitle "CBM 206 Extra"]
[Source "ChessBase"]
[SourceDate "2022.03.31"]
[SourceVersion "1"]
[SourceVersionDate "2022.03.31"]
[SourceQuality "1"]

1. e4 c5 2. Nf3 Nf6 3. Nc3 d6 4. g3 g6 5. Bg2 Bg7 6. O-O O-O 7. Qe2 Nc6 8. d3 Bg4 9. Bg5 Nd4 10. Qd1 b5 11. Be3 Nd7 12. Bxd4 cxd4 13. Ne2 Rc8 14. h3 Bxf3 15. Bxf3 Qc7 16. Rc1 Bh6 17. Nf4 Nb6 18. Rb1 Qxc2 19. Bg4 Qxd1 20. Bxd1 e5 21. Ne2 a5 22. f4 Kg7 23. Kg2 Rc7 24. f5 f6 25. h4 Be3 0-1

[Event "Titled Tuesday intern op 28th Dec"]
[Site "Chess.com INT"]
[Date "2021.12.28"]
[Round "8"]
[White "Mestnikov, Aisen"]
[Black "Alavkin, Arseny Nailievich"]
[Result "0-1"]
[WhiteElo "2096"]
[BlackElo "2373"]
[PlyCount "64"]
[EventDate "2021.12.28"]
[EventType "swiss (blitz)"]
[EventRounds "11"]
[EventCountry "USA"]
[SourceTitle "CBM 206 Extra"]
[Source "ChessBase"]
[SourceDate "2022.03.31"]
[SourceVersion "1"]
[SourceVersionDate "2022.03.31"]
[SourceQuality "1"]

1. d4 Nf6 2. c4 e6 3. Nf3 d5 4. g3 dxc4 5. Bg2 Bb4+ 6. Bd2 c5 7. O-O O-O 8. Bf4 Nc6 9. dxc5 Bxc5 10. Qc2 b5 11. Rd1 Qe7 12. Ne5 Nb4 13. Qc1 Nbd5 14. Nc3 b4 15. Nxd5 exd5 16. Nxc4 Ba6 17. Ne3 Rac8 18. Qd2 Rfd8 19. Rac1 Ne4 20. Nxd5 Nxd2 21. Nxe7+ Bxe7 22. Rxc8 Rxc8 23. Bxd2 Rc2 24. Bf3 Rxb2 25. Be3 h6 26. Rd7 Bf6 27. Rxa7 Rxa2 28. Bb7 Ra1+ 29. Kg2 Bxe2 30. Rxa1 Bxa1 31. Bd5 Bd1 32. Kf1 b3 0-1

[Event "Titled Tuesday intern op 28th Dec"]
[Site "Chess.com INT"]
[Date "2021.12.28"]
[Round "8"]
[White "Milanovic, Marko"]
[Black "Popadic, Dragan"]
[Result "0-1"]
[WhiteElo "2309"]
[BlackElo "2143"]
[PlyCount "96"]
[EventDate "2021.12.28"]
[EventType "swiss (blitz)"]
[EventRounds "11"]
[EventCountry "USA"]
[SourceTitle "CBM 206 Extra"]
[Source "ChessBase"]
[SourceDate "2022.03.31"]
[SourceVersion "1"]
[SourceVersionDate "2022.03.31"]
[SourceQuality "1"]

1. e4 c5 2. Nf3 Nc6 3. Bb5 e5 4. Bxc6 dxc6 5. d3 Bd6 6. Nc3 f6 7. Be3 Ne7 8. Nd2 Be6 9. a4 g5 10. Nc4 Ng6 11. Nxd6+ Qxd6 12. g3 h5 13. Qd2 O-O-O 14. O-O-O Kb8 15. a5 c4 16. d4 exd4 17. Bxd4 Bg4 18. Bxa7+ Kxa7 19. Qxd6 Rxd6 20. Rxd6 Rf8 21. Rd4 Ne5 22. h3 Bf3 23. Rg1 Ka6 24. Nd1 Kxa5 25. Ne3 Kb5 26. Kb1 Be2 27. Rd6 Kc5 28. Nf5 b5 29. f4 gxf4 30. gxf4 Nf3 31. Rg6 Bf1 32. Rgxf6 Rxf6 33. Rxf6 Nd2+ 34. Kc1 Nxe4 35. h4 Nxf6 36. Kd2 Bh3 37. Ng3 Bg4 38. Ke3 Nd5+ 39. Ke4 Nb4 40. c3 Nd3 41. f5 Nxb2 42. f6 Be6 43. Ke5 Bf7 44. Nf5 Na4 45. Nh6 Bg6 46. Kf4 Nxc3 47. Kg5 Be8 48. Nf5 Ne4+ 0-1

[Event "Titled Tuesday intern op 28th Dec"]
[Site "Chess.com INT"]
[Date "2021.12.28"]
[Round "8"]
[White "Necula, Iulian"]
[Black "Polaczek, Richard"]
[Result "0-1"]
[WhiteElo "1890"]
[BlackElo "2360"]
[PlyCount "72"]
[EventDate "2021.12.28"]
[EventType "swiss (blitz)"]
[EventRounds "11"]
[EventCountry "USA"]
[SourceTitle "CBM 206 Extra"]
[Source "ChessBase"]
[SourceDate "2022.03.31"]
[SourceVersion "1"]
[SourceVersionDate "2022.03.31"]
[SourceQuality "1"]

1. Nf3 d5 2. g3 c6 3. Bg2 Bg4 4. O-O Nd7 5. h3 Bxf3 6. Bxf3 Ngf6 7. d4 e5 8. dxe5 Nxe5 9. Bg2 Bd6 10. Nd2 O-O 11. Nf3 Nxf3+ 12. Bxf3 Re8 13. Bg5 h6 14. Bxf6 Qxf6 15. c3 b5 16. Rc1 a5 17. b3 Be5 18. Qd3 Red8 19. Rfd1 a4 20. Qc2 axb3 21. axb3 Ra3 22. c4 dxc4 23. Rxd8+ Qxd8 24. bxc4 b4 25. Rb1 c5 26. Rd1 Qf6 27. Rb1 Bd4 28. Kg2 g6 29. Qe4 Kg7 30. Qc2 Rc3 31. Qa2 Qe6 32. Rb3 Qxc4 33. Qa8 Qxb3 34. Bd5 Qc2 35. Qe8 Qf5 36. f3 Qxd5 0-1

[Event "Titled Tuesday intern op 28th Dec"]
[Site "Chess.com INT"]
[Date "2021.12.28"]
[Round "8"]
[White "Nilsen, Tobias Lang"]
[Black "Avazkhonov, Alikhon"]
[Result "1-0"]
[WhiteElo "2279"]
[BlackElo "1538"]
[PlyCount "71"]
[EventDate "2021.12.28"]
[EventType "swiss (blitz)"]
[EventRounds "11"]
[EventCountry "USA"]
[SourceTitle "CBM 206 Extra"]
[Source "ChessBase"]
[SourceDate "2022.03.31"]
[SourceVersion "1"]
[SourceVersionDate "2022.03.31"]
[SourceQuality "1"]

1. d4 Nf6 2. c4 g6 3. Nc3 Bg7 4. g3 O-O 5. Bg2 d6 6. Nf3 Nbd7 7. O-O e5 8. dxe5 dxe5 9. Ne1 c6 10. Nc2 Qe7 11. b3 a5 12. Ba3 Nc5 13. Na4 Nfd7 14. Qc1 Re8 15. Qe3 Bf8 16. Rfd1 b6 17. Rxd7 Bxd7 18. Nxb6 Rad8 19. Na4 Bf5 20. Bxc5 Qd7 21. Bxf8 Qd1+ 22. Bf1 Bh3 23. Ne1 Qxa1 24. Qh6 Rxf8 25. Qxh3 Qxe1 26. Nc5 Rd1 27. Nd7 Rxd7 28. Qxd7 e4 29. Qxc6 f5 30. Qd5+ Kh8 31. c5 Qc3 32. c6 Rc8 33. e3 Rxc6 34. Bc4 Qc1+ 35. Kg2 Rc8 36. Qe5# 1-0

[Event "Titled Tuesday intern op 28th Dec"]
[Site "Chess.com INT"]
[Date "2021.12.28"]
[Round "8"]
[White "Paiva, Henrique MA Alberg"]
[Black "Manukyan, Sargis V"]
[Result "1-0"]
[WhiteElo "2064"]
[BlackElo "2253"]
[PlyCount "55"]
[EventDate "2021.12.28"]
[EventType "swiss (blitz)"]
[EventRounds "11"]
[EventCountry "USA"]
[SourceTitle "CBM 206 Extra"]
[Source "ChessBase"]
[SourceDate "2022.03.31"]
[SourceVersion "1"]
[SourceVersionDate "2022.03.31"]
[SourceQuality "1"]

1. e4 e6 2. d4 d5 3. e5 c5 4. c3 Nc6 5. Nf3 Nh6 6. Bd3 cxd4 7. cxd4 Nf5 8. Bxf5 exf5 9. Nc3 Be6 10. Be3 Be7 11. Qd2 h6 12. Rc1 g5 13. Qe2 f4 14. Bd2 g4 15. Ng1 Nxd4 16. Qd3 Nc6 17. Bxf4 Qd7 18. Nge2 Rd8 19. Nb5 Bf5 20. Qb3 Bb4+ 21. Kf1 d4 22. Nd6+ Bxd6 23. exd6 d3 24. Ng3 Nd4 25. Qd5 Ne2 26. Qe5+ Qe6 27. Qxh8+ Kd7 28. Rc7# 1-0

[Event "Titled Tuesday intern op 28th Dec"]
[Site "Chess.com INT"]
[Date "2021.12.28"]
[Round "8"]
[White "Pandey, Srishti"]
[Black "Marcziter, Dmitrii"]
[Result "1-0"]
[WhiteElo "2177"]
[BlackElo "2264"]
[PlyCount "81"]
[EventDate "2021.12.28"]
[EventType "swiss (blitz)"]
[EventRounds "11"]
[EventCountry "USA"]
[SourceTitle "CBM 206 Extra"]
[Source "ChessBase"]
[SourceDate "2022.03.31"]
[SourceVersion "1"]
[SourceVersionDate "2022.03.31"]
[SourceQuality "1"]

1. d4 d5 2. c4 e6 3. Nf3 c5 4. cxd5 exd5 5. g3 Nc6 6. Bg2 Nf6 7. O-O Be7 8. dxc5 Bxc5 9. a3 a5 10. Bg5 O-O 11. Nc3 d4 12. Bxf6 Qxf6 13. Ne4 Qe7 14. Nxc5 Qxc5 15. Qd2 a4 16. Rac1 Qb6 17. Rfd1 Rd8 18. Ng5 h6 19. Ne4 Bg4 20. Nc5 Re8 21. f3 Bf5 22. g4 Bg6 23. f4 f6 24. Kf1 Rad8 25. Nxa4 Qb5 26. Nc5 Na5 27. b4 Nc4 28. Rxc4 Qxc4 29. Nxb7 Be4 30. Bxe4 Rxe4 31. Nxd8 d3 32. e3 Re8 33. Qxd3 Qc8 34. Qd7 Qc4+ 35. Kf2 Rf8 36. Ne6 Qc2+ 37. Rd2 Qg6 38. Nxf8 Qxg4 39. Qxg4 Kxf8 40. Rd8+ Ke7 41. Qd7# 1-0